00577nam a2200157Ia 4500008004100000082001900041100001800060245004000078260006200118300001000180630001800190650006800208942000900276952011700285999001700402211109s9999||||xx |||||||||||||| ||und|| a891.436bNIR-A aNirmala, Jain 0aAadhunik Sahithya Kalyaur Mulyankai bRajkamal Prakashan Pvt Ltd DelhiaOxford City Pressc1900 a143p. xGeneral stack aHindi literaturevHindi fictionxLiterature & rhetoricGeneralia cBOOK 00104070aSBCLbSBCLc2d2021-11-09g100.00l0o891.436 NIR-Ap00093606r2021-11-09 00:00:00w2021-11-09yBOOK c51393d51393